Menores infractores en la frontera Mx̌ico-Estados Unidos cultura e identidad frente al papel de las instituciones

Detalles Bibliográficos
Autor principal: Hernǹdez Castro, Roco̕
Formato: eBook
Lenguaje:español
Publicado: Ciudad de Mx̌ico: Cm̀ara de Diputados, 2009
Materias:
Acceso en línea:Acceso restringido

MARC

LEADER 00000nam a22000007a 4500
005 20171213173027.0
007 cr|||| ||||
008 171213s2009 mx |||||s|||| 00||0 spa d
020 |a 978-607-401-108-1 
035 |a 20903 
040 |a vLex 
090 |c 7315  |d 7315 
100 1 |a Hernǹdez Castro, Roco̕ 
245 1 0 |a Menores infractores en la frontera Mx̌ico-Estados Unidos cultura e identidad frente al papel de las instituciones  |h [Recurso electrn̤ico] /  |c Roco̕ Hernǹdez Castro 
256 |a Servicio en ln̕ea 
260 |a Ciudad de Mx̌ico:  |b Cm̀ara de Diputados,  |c 2009 
300 |a 1 recurso electrn̤ico 
506 1 |a Disponible solo en los productos indicados  |d vLex Global  |d vLex Global (Academic Edition, excluding Law Schools)  |d vLex Global (U.S. Academic Edition, Law Schools)  |d vLex Global (U.S. Academic Edition, excluding Law Schools)  |d vLex Global (Academic Edition, Law Schools) 
650 0 4 |a Derecho Civil  |z Mx̌ico 
650 0 4 |a Derecho Penal  |z Mx̌ico 
650 0 4 |a Derecho Pb︢lico y Administrativo  |z Mx̌ico 
650 0 4 |a Derecho Constitucional  |z Mx̌ico 
740 0 |a vLex Libros (Servicio en ln̕ea) 
856 4 0 |u http://vlex.com/source/menores-infractores-en-la-frontera-mexico-estados-unidos-cultura-e-identidad-frente-al-papel-de-las-instituciones-20903  |z Acceso restringido 
942 |c BOOK 
999 0 |a Civil law 
999 0 |a Public law 
999 0 |a Administrative law